00480nam a2200121Ia 4500008004100000245017500041260003600216260000900252300000600261650002600267650001200293856005300305170516s9999 xx 000 0 und d aPassive Posterior Tibial Subluxation on Routine Knee MRI as a Secondary Sign of PCL Tear, Andrew J. Degnan, Catherine Maldjian, Richard J. Adam, and Christopher D. Harner bRadiology Research and Practice c2014 a: xRadiologic Technology xRadtech uhttps://www.hindawi.com/journals/rrp/contents/2/